[Event "Irena Warakomska Memorial A"]
[Site "Suwalki"]
[Date "2018.08.02"]
[Round "2"]
[White "Budrewicz, Krzysztof"]
[Black "Gleizerov, Evgeny"]
[Result "0-1"]
[Board "13"]
[WhiteElo "2203"]
[WhiteCountry "POL"]
[WhiteFideId "1127950"]
[WhiteEloChange "-3"]
[BlackElo "2513"]
[BlackTitle "GM"]
[BlackCountry "RUS"]
[BlackFideId "4101332"]
[BlackEloChange "1"]

1. d4 {[%clk 1:30:55]} e6 {[%clk 1:30:56]} 2. c4 {[%clk 1:31:13]} f5 {[%clk
1:31:23]} 3. g3 {[%clk 1:31:15]} Nf6 {[%clk 1:31:49]} 4. Bg2 {[%clk 1:31:40]} d5
{[%clk 1:32:15]} 5. Nf3 {[%clk 1:30:52]} Bd6 {[%clk 1:32:35]} 6. Qc2 {[%clk
1:30:20]} O-O {[%clk 1:32:53]} 7. O-O {[%clk 1:30:30]} c6 {[%clk 1:33:19]} 8. b3
{[%clk 1:28:25]} Qe7 {[%clk 1:33:42]} 9. Nc3 {[%clk 1:27:34]} Ne4 {[%clk
1:32:05]} 10. Na4 {[%clk 1:21:36]} b6 {[%clk 1:31:41]} 11. Nb2 {[%clk 1:20:51]}
Bb7 {[%clk 1:32:03]} 12. Nd3 {[%clk 1:20:08]} Nd7 {[%clk 1:32:26]} 13. Bf4 {[%clk
1:19:43]} c5 {[%clk 1:32:37]} 14. Bxd6 {[%clk 1:14:11]} Qxd6 {[%clk 1:32:58]} 15.
cxd5 {[%clk 1:04:14]} exd5 {[%clk 1:33:19]} 16. Rfd1 {[%clk 1:01:43]} Rac8 {[%clk
1:32:07]} 17. dxc5 {[%clk 1:01:00]} bxc5 {[%clk 1:32:30]} 18. Rac1 {[%clk
0:58:49]} Qe7 {[%clk 1:27:20]} 19. e3 {[%clk 0:57:01]} Ndf6 {[%clk 1:23:17]} 20.
Qb2 {[%clk 0:53:54]} c4 {[%clk 1:17:12]} 21. bxc4 {[%clk 0:47:10]} dxc4 {[%clk
1:17:34]} 22. Nde5 {[%clk 0:45:12]} Bd5 {[%clk 1:05:56]} 23. Qb5 {[%clk 0:22:29]}
Qe6 {[%clk 1:03:56]} 24. Nd7 {[%clk 0:20:41]} Qxd7 {[%clk 0:51:24]} 25. Qxd7
{[%clk 0:20:56]} Nxd7 {[%clk 0:51:52]} 26. Rxd5 {[%clk 0:21:20]} Nb6 {[%clk
0:51:53]} 27. Ra5 {[%clk 0:20:45]} Rf7 {[%clk 0:40:23]} 28. Nd4 {[%clk 0:20:38]}
Nd6 {[%clk 0:40:11]} 29. Rc3 {[%clk 0:18:22]} g6 {[%clk 0:40:12]} 30. Kf1 {[%clk
0:15:08]} Kg7 {[%clk 0:37:45]} 31. Ke1 {[%clk 0:15:11]} Kf6 {[%clk 0:38:00]} 32.
h3 {[%clk 0:14:54]} Ne4 {[%clk 0:35:53]} 33. Rc2 {[%clk 0:12:21]} Nc5 {[%clk
0:33:29]} 34. Bf1 {[%clk 0:12:46]} Ne6 {[%clk 0:32:37]} 35. Nxe6 {[%clk 0:11:45]}
Kxe6 {[%clk 0:33:06]} 36. Kd2 {[%clk 0:11:59]} Rd7+ {[%clk 0:31:15]} 37. Kc1
{[%clk 0:12:14]} c3 {[%clk 0:30:43]} 38. Ba6 {[%clk 0:10:17]} Rcc7 {[%clk
0:30:20]} 39. Re2 {[%clk 0:07:00]} Rd6 {[%clk 0:23:05]} 40. e4 {[%clk 0:36:17]}
fxe4 {[%clk 0:53:14]} 41. Rxe4+ {[%clk 0:35:10]} Kf6 {[%clk 0:52:16]} 42. Ra3
{[%clk 0:33:47]} Rd5 {[%clk 0:45:28]} 43. Be2 {[%clk 0:32:21]} Re5 {[%clk
0:43:14]} 44. Rxe5 {[%clk 0:21:29]} Kxe5 {[%clk 0:43:39]} 45. Kc2 {[%clk
0:17:50]} Kd4 {[%clk 0:43:48]} 46. Rb3 {[%clk 0:17:52]} Nd5 {[%clk 0:43:10]} 47.
f4 {[%clk 0:09:19]} a5 {[%clk 0:39:59]} 48. a3 {[%clk 0:09:35]} Re7 {[%clk
0:39:56]} 49. Bf3 {[%clk 0:08:57]} Ne3+ {[%clk 0:40:20]} 50. Kc1 {[%clk 0:09:17]}
Kd3 {[%clk 0:33:44]} 51. Rb5 {[%clk 0:06:34]} Nf5 {[%clk 0:32:16]} 52. Re5 {[%clk
0:05:06]} Rxe5 {[%clk 0:31:58]} 53. fxe5 {[%clk 0:05:32]} Nd4 {[%clk 0:31:42]}
54. Bd1 {[%clk 0:05:38]} Ke4 {[%clk 0:32:06]} 55. e6 {[%clk 0:03:51]} Nxe6 {[%clk
0:32:32]} 56. Kc2 {[%clk 0:04:20]} Kd4 {[%clk 0:32:51]} 57. h4 {[%clk 0:04:31]}
Nc7 {[%clk 0:31:19]} 58. h5 {[%clk 0:04:34]} Nd5 {[%clk 0:29:52]} 59. hxg6 {[%clk
0:03:27]} hxg6 {[%clk 0:30:20]} 60. Kc1 {[%clk 0:02:38]} Ne3 {[%clk 0:30:32]} 61.
Ba4 {[%clk 0:02:55]} Nc4 {[%clk 0:29:32]} 62. Be8 {[%clk 0:03:09]} g5 {[%clk
0:29:59]} 63. a4 {[%clk 0:03:25]} Ne3 {[%clk 0:30:22]} 64. Bd7 {[%clk 0:03:36]}
Kc4 {[%clk 0:29:58]} 65. Be6+ {[%clk 0:04:00]} Kb4 {[%clk 0:30:47]} 66. Bd7
{[%clk 0:04:01]} Nc4 {[%clk 0:31:03]} 67. Kc2 {[%clk 0:04:12]} Nb6 {[%clk
0:31:18]} 0-1

[Event "Irena Warakomska Memorial A"]
[Site "Suwalki"]
[Date "2018.08.02"]
[Round "2"]
[White "Caspi, Israel"]
[Black "Ulanowski, Karol"]
[Result "1-0"]
[Board "15"]
[WhiteElo "2484"]
[WhiteTitle "IM"]
[WhiteCountry "ISR"]
[WhiteFideId "2807394"]
[WhiteEloChange "1"]
[BlackElo "2149"]
[BlackCountry "POL"]
[BlackFideId "1108964"]
[BlackEloChange "-3"]

1. e4 {[%clk 1:30:57]} c5 {[%clk 1:30:57]} 2. Nf3 {[%clk 1:31:21]} d6 {[%clk
1:31:24]} 3. d4 {[%clk 1:31:42]} cxd4 {[%clk 1:31:49]} 4. Nxd4 {[%clk 1:32:08]}
Nf6 {[%clk 1:32:14]} 5. Nc3 {[%clk 1:32:33]} a6 {[%clk 1:32:41]} 6. f3 {[%clk
1:32:58]} e6 {[%clk 1:33:03]} 7. Be3 {[%clk 1:33:19]} b5 {[%clk 1:33:27]} 8. Qd2
{[%clk 1:33:38]} Nbd7 {[%clk 1:33:44]} 9. g4 {[%clk 1:34:01]} h6 {[%clk 1:33:19]}
10. O-O-O {[%clk 1:34:18]} Bb7 {[%clk 1:33:32]} 11. h4 {[%clk 1:34:41]} b4 {[%clk
1:33:44]} 12. Na4 {[%clk 1:35:05]} Qa5 {[%clk 1:33:51]} 13. b3 {[%clk 1:35:28]}
Nc5 {[%clk 1:34:16]} 14. a3 {[%clk 1:35:52]} Nxa4 {[%clk 1:34:40]} 15. axb4
{[%clk 1:36:16]} Qc7 {[%clk 1:34:56]} 16. bxa4 {[%clk 1:36:41]} Nd7 {[%clk
1:35:01]} 17. c4 {[%clk 1:36:24]} Ne5 {[%clk 1:29:47]} 18. Kb2 {[%clk 1:13:36]}
Rb8 {[%clk 1:19:47]} 19. Rc1 {[%clk 1:09:47]} Ba8 {[%clk 1:11:02]} 20. Be2 {[%clk
0:58:10]} d5 {[%clk 1:07:17]} 21. c5 {[%clk 0:52:57]} g6 {[%clk 0:37:17]} 22.
Bxa6 {[%clk 0:46:07]} Bg7 {[%clk 0:37:37]} 23. Ka3 {[%clk 0:32:40]} dxe4 {[%clk
0:30:21]} 24. Nb5 {[%clk 0:27:50]} Qc6 {[%clk 0:30:26]} 25. Qd6 {[%clk 0:22:41]}
Qxd6 {[%clk 0:29:22]} 26. Nxd6+ {[%clk 0:23:05]} Ke7 {[%clk 0:29:46]} 27. fxe4
{[%clk 0:23:21]} Nxg4 {[%clk 0:29:45]} 28. Bf4 {[%clk 0:22:10]} e5 {[%clk
0:26:55]} 29. Bd2 {[%clk 0:22:06]} f5 {[%clk 0:26:46]} 30. Rhg1 {[%clk 0:21:41]}
Rhf8 {[%clk 0:25:06]} 31. exf5 {[%clk 0:20:20]} gxf5 {[%clk 0:25:28]} 32. Nxf5+
{[%clk 0:20:13]} Rxf5 {[%clk 0:25:53]} 33. Rxg4 {[%clk 0:20:45]} Rf3+ {[%clk
0:25:23]} 34. Rc3 {[%clk 0:18:51]} Bf6 {[%clk 0:25:48]} 35. Rxf3 {[%clk 0:17:40]}
Bxf3 {[%clk 0:26:13]} 36. Rg3 {[%clk 0:17:58]} Bd5 {[%clk 0:25:50]} 37. Bxh6
{[%clk 0:17:01]} Bxh4 {[%clk 0:26:11]} 38. Rh3 {[%clk 0:13:51]} Be1 {[%clk
0:24:25]} 39. b5 {[%clk 0:13:47]} Ke6 {[%clk 0:14:56]} 40. c6 {[%clk 0:42:09]}
Ba5 {[%clk 0:44:17]} 41. Bd2 {[%clk 0:34:14]} Bxd2 {[%clk 0:36:55]} 42. c7 {[%clk
0:34:37]} Rh8 {[%clk 0:36:56]} 43. c8Q+ {[%clk 0:34:15]} Rxc8 {[%clk 0:37:22]}
44. Bxc8+ {[%clk 0:34:39]} Kd6 {[%clk 0:37:49]} 45. Rd3 {[%clk 0:34:37]} 1-0

[Event "Irena Warakomska Memorial A"]
[Site "Suwalki"]
[Date "2018.08.02"]
[Round "2"]
[White "Stupak, Kirill"]
[Black "Marszalek, Maciej"]
[Result "1-0"]
[Board "16"]
[WhiteElo "2575"]
[WhiteTitle "GM"]
[WhiteCountry "BLR"]
[WhiteFideId "13503758"]
[WhiteEloChange "1"]
[BlackElo "2266"]
[BlackCountry "POL"]
[BlackFideId "1119095"]
[BlackEloChange "-3"]

1. d4 {[%clk 1:28:18]} Nf6 {[%clk 1:29:26]} 2. c4 {[%clk 1:28:00]} g6 {[%clk
1:29:27]} 3. Nc3 {[%clk 1:28:26]} Bg7 {[%clk 1:29:15]} 4. e4 {[%clk 1:28:50]} d6
{[%clk 1:29:40]} 5. f3 {[%clk 1:29:18]} O-O {[%clk 1:29:45]} 6. Nge2 {[%clk
1:29:25]} c5 {[%clk 1:29:34]} 7. d5 {[%clk 1:29:46]} Qa5 {[%clk 1:28:16]} 8. Ng3
{[%clk 1:26:44]} b5 {[%clk 1:24:23]} 9. cxb5 {[%clk 1:25:57]} a6 {[%clk 1:24:38]}
10. Bd2 {[%clk 1:22:20]} axb5 {[%clk 1:18:30]} 11. Bxb5 {[%clk 1:20:41]} Ba6
{[%clk 1:16:22]} 12. a4 {[%clk 1:19:19]} Nbd7 {[%clk 1:08:40]} 13. O-O {[%clk
1:16:59]} Rfb8 {[%clk 1:07:35]} 14. Nge2 {[%clk 1:12:19]} Qd8 {[%clk 0:55:31]}
15. Bc6 {[%clk 1:05:08]} Bb7 {[%clk 0:55:25]} 16. Nb5 {[%clk 1:05:20]} Ne5 {[%clk
0:53:31]} 17. Bxb7 {[%clk 1:05:09]} Rxb7 {[%clk 0:53:59]} 18. Bc3 {[%clk
1:03:28]} Nc4 {[%clk 0:46:37]} 19. Qd3 {[%clk 0:46:48]} Na5 {[%clk 0:44:50]} 20.
Qc2 {[%clk 0:38:55]} e6 {[%clk 0:32:11]} 21. dxe6 {[%clk 0:35:43]} fxe6 {[%clk
0:32:26]} 22. Rad1 {[%clk 0:36:06]} Ne8 {[%clk 0:26:04]} 23. Bxg7 {[%clk
0:35:27]} Rxg7 {[%clk 0:26:23]} 24. e5 {[%clk 0:31:43]} d5 {[%clk 0:25:50]} 25.
Qxc5 {[%clk 0:32:10]} Rc8 {[%clk 0:24:00]} 26. Qe3 {[%clk 0:31:57]} Qe7 {[%clk
0:19:41]} 27. b3 {[%clk 0:31:51]} Qb4 {[%clk 0:19:18]} 28. Ned4 {[%clk 0:32:04]}
Re7 {[%clk 0:14:39]} 29. Rc1 {[%clk 0:32:24]} Rxc1 {[%clk 0:13:14]} 30. Rxc1
{[%clk 0:32:52]} Kg7 {[%clk 0:12:35]} 31. Qc3 {[%clk 0:33:09]} Qxc3 {[%clk
0:12:19]} 32. Rxc3 {[%clk 0:33:37]} g5 {[%clk 0:12:43]} 33. Rc8 {[%clk 0:33:49]}
1-0

[Event "Irena Warakomska Memorial A"]
[Site "Suwalki"]
[Date "2018.08.02"]
[Round "2"]
[White "Fedorov, Alexei"]
[Black "Paszewski, Mateusz"]
[Result "1-0"]
[Board "17"]
[WhiteElo "2572"]
[WhiteTitle "GM"]
[WhiteCountry "BLR"]
[WhiteFideId "13500465"]
[WhiteEloChange "2"]
[BlackElo "2293"]
[BlackTitle "FM"]
[BlackCountry "POL"]
[BlackFideId "1141058"]
[BlackEloChange "-3"]

1. e4 {[%clk 1:28:01]} c5 {[%clk 1:30:59]} 2. Nc3 {[%clk 1:28:03]} Nc6 {[%clk
1:31:12]} 3. Bb5 {[%clk 1:28:25]} Nd4 {[%clk 1:30:52]} 4. Bc4 {[%clk 1:28:28]} a6
{[%clk 1:31:15]} 5. Nge2 {[%clk 1:28:46]} b5 {[%clk 1:30:40]} 6. Bd5 {[%clk
1:28:44]} Rb8 {[%clk 1:31:09]} 7. a3 {[%clk 1:25:07]} e6 {[%clk 1:21:16]} 8. Ba2
{[%clk 1:25:27]} Ne7 {[%clk 1:21:37]} 9. Nxd4 {[%clk 1:24:21]} cxd4 {[%clk
1:21:00]} 10. Ne2 {[%clk 1:24:44]} Nc6 {[%clk 1:21:11]} 11. O-O {[%clk 1:23:35]}
Be7 {[%clk 1:16:21]} 12. d3 {[%clk 1:19:37]} O-O {[%clk 1:11:53]} 13. f4 {[%clk
1:16:54]} Kh8 {[%clk 0:57:55]} 14. f5 {[%clk 1:12:57]} Bb7 {[%clk 0:42:30]} 15.
Bf4 {[%clk 1:04:25]} Rc8 {[%clk 0:42:04]} 16. Kh1 {[%clk 1:04:28]} g6 {[%clk
0:33:30]} 17. fxg6 {[%clk 1:01:34]} fxg6 {[%clk 0:33:39]} 18. Qd2 {[%clk
0:59:33]} Bf6 {[%clk 0:31:31]} 19. Ng1 {[%clk 0:52:11]} Qe7 {[%clk 0:26:48]} 20.
Nf3 {[%clk 0:51:10]} e5 {[%clk 0:23:17]} 21. Bh6 {[%clk 0:46:53]} Bg7 {[%clk
0:23:14]} 22. Rf2 {[%clk 0:46:38]} Rce8 {[%clk 0:09:36]} 23. Raf1 {[%clk
0:41:00]} Nd8 {[%clk 0:08:46]} 24. Bg5 {[%clk 0:33:31]} Bf6 {[%clk 0:07:59]} 25.
h4 {[%clk 0:33:18]} Bxg5 {[%clk 0:07:04]} 26. Nxg5 {[%clk 0:32:05]} Rxf2 {[%clk
0:06:47]} 27. Qxf2 {[%clk 0:29:56]} Kg7 {[%clk 0:06:57]} 28. Qg3 {[%clk 0:28:42]}
Rf8 {[%clk 0:03:50]} 29. Rxf8 {[%clk 0:28:04]} Kxf8 {[%clk 0:04:19]} 30. h5
{[%clk 0:23:10]} d6 {[%clk 0:04:39]} 31. hxg6 {[%clk 0:17:00]} hxg6 {[%clk
0:05:07]} 32. Qh4 {[%clk 0:17:05]} Ke8 {[%clk 0:01:25]} 33. Qh6 {[%clk 0:14:13]}
Qf6 {[%clk 0:01:45]} 34. Kg1 {[%clk 0:13:35]} Bc8 {[%clk 0:01:01]} 35. Nh7 {[%clk
0:13:45]} Qf4 {[%clk 0:00:46]} 36. Qxg6+ {[%clk 0:13:04]} Kd7 {[%clk 0:01:11]}
37. Qf5+ {[%clk 0:12:25]} Kc7 {[%clk 0:00:38]} 38. Qxf4 {[%clk 0:12:32]} exf4
{[%clk 0:01:07]} 39. Nf6 {[%clk 0:11:42]} Be6 {[%clk 0:00:41]} 40. Bd5 {[%clk
0:41:43]} a5 {[%clk 0:30:42]} 41. Kf2 {[%clk 0:41:22]} Kb6 {[%clk 0:29:02]} 42.
Kf3 {[%clk 0:41:32]} 1-0

[Event "Irena Warakomska Memorial A"]
[Site "Suwalki"]
[Date "2018.08.02"]
[Round "2"]
[White "Sliwicki, Damian"]
[Black "Yevseev, Denis"]
[Result "1-0"]
[Board "18"]
[WhiteElo "2193"]
[WhiteTitle "CM"]
[WhiteCountry "POL"]
[WhiteFideId "1127128"]
[WhiteEloChange "17"]
[BlackElo "2513"]
[BlackTitle "GM"]
[BlackCountry "RUS"]
[BlackFideId "4126378"]
[BlackEloChange "-9"]

1. e4 {[%clk 1:30:57]} c6 {[%clk 1:30:49]} 2. Nc3 {[%clk 1:31:15]} d5 {[%clk
1:31:06]} 3. Nf3 {[%clk 1:31:39]} Bg4 {[%clk 1:30:29]} 4. h3 {[%clk 1:32:03]}
Bxf3 {[%clk 1:30:46]} 5. Qxf3 {[%clk 1:32:27]} e6 {[%clk 1:31:00]} 6. d3 {[%clk
1:32:52]} Nd7 {[%clk 1:29:31]} 7. Qg3 {[%clk 1:32:22]} g6 {[%clk 1:25:25]} 8. Be2
{[%clk 1:31:18]} Bg7 {[%clk 1:25:20]} 9. O-O {[%clk 1:30:39]} Ne7 {[%clk
1:24:48]} 10. Qh4 {[%clk 1:20:56]} O-O {[%clk 1:17:09]} 11. Bg5 {[%clk 1:18:42]}
f6 {[%clk 1:15:01]} 12. Bh6 {[%clk 1:09:53]} Bxh6 {[%clk 1:11:48]} 13. Qxh6
{[%clk 1:10:16]} f5 {[%clk 1:11:28]} 14. Rae1 {[%clk 1:06:40]} Qb6 {[%clk
1:04:14]} 15. Nd1 {[%clk 1:04:43]} Rae8 {[%clk 1:01:28]} 16. exd5 {[%clk
0:56:51]} exd5 {[%clk 1:01:18]} 17. h4 {[%clk 0:50:38]} Qd4 {[%clk 0:53:30]} 18.
c3 {[%clk 0:42:44]} Qf6 {[%clk 0:49:18]} 19. f4 {[%clk 0:38:45]} Nc8 {[%clk
0:47:50]} 20. Qg5 {[%clk 0:37:35]} Nd6 {[%clk 0:41:29]} 21. Qxf6 {[%clk 0:36:56]}
Rxf6 {[%clk 0:41:20]} 22. Bf3 {[%clk 0:37:01]} Rfe6 {[%clk 0:41:23]} 23. Kf2
{[%clk 0:37:05]} Nc5 {[%clk 0:40:24]} 24. Rxe6 {[%clk 0:37:10]} Rxe6 {[%clk
0:40:44]} 25. Be2 {[%clk 0:36:57]} a5 {[%clk 0:39:19]} 26. Re1 {[%clk 0:35:50]}
a4 {[%clk 0:38:59]} 27. Bf1 {[%clk 0:35:27]} a3 {[%clk 0:30:31]} 28. bxa3 {[%clk
0:24:36]} Kf7 {[%clk 0:30:13]} 29. Rxe6 {[%clk 0:24:30]} Nxe6 {[%clk 0:24:32]}
30. g3 {[%clk 0:19:59]} d4 {[%clk 0:23:19]} 31. c4 {[%clk 0:19:07]} Nc5 {[%clk
0:18:52]} 32. Ke2 {[%clk 0:18:05]} Ne8 {[%clk 0:11:35]} 33. Nf2 {[%clk 0:09:11]}
Nf6 {[%clk 0:10:08]} 34. Nh3 {[%clk 0:09:27]} Ke7 {[%clk 0:08:23]} 35. Ng5 {[%clk
0:09:05]} Na4 {[%clk 0:08:11]} 36. Kf2 {[%clk 0:04:16]} c5 {[%clk 0:06:14]} 37.
Bh3 {[%clk 0:02:35]} Nc3 {[%clk 0:02:53]} 38. h5 Nxh5 {[%clk 0:02:53]} 39. Nxh7
{[%clk 0:01:25]} Nxa2 {[%clk 0:02:46]} 40. Bf1 {[%clk 0:25:03]} Nc3 {[%clk
0:22:55]} 41. Ng5 {[%clk 0:15:35]} b6 {[%clk 0:17:57]} 42. Bh3 {[%clk 0:15:59]}
Nd1+ {[%clk 0:17:57]} 43. Kf3 {[%clk 0:14:13]} Nf6 {[%clk 0:18:02]} 44. Ke2
{[%clk 0:13:20]} Ne3 {[%clk 0:11:57]} 45. Nf3 {[%clk 0:12:45]} Nd7 {[%clk
0:12:00]} 46. Kd2 {[%clk 0:12:17]} Kf6 {[%clk 0:11:35]} 47. Kc1 {[%clk 0:12:23]}
Nf8 {[%clk 0:09:24]} 48. Kd2 {[%clk 0:06:35]} Ne6 {[%clk 0:09:07]} 49. Ne1 {[%clk
0:03:25]} g5 {[%clk 0:08:59]} 50. fxg5+ {[%clk 0:03:44]} Nxg5 {[%clk 0:08:59]}
51. Bg2 {[%clk 0:03:10]} Ne6 {[%clk 0:08:59]} 52. Bh3 {[%clk 0:03:35]} Ng7 {[%clk
0:08:59]} 53. Ke2 {[%clk 0:03:35]} Nh5 {[%clk 0:09:24]} 54. Kf3 {[%clk 0:01:05]}
Ke5 {[%clk 0:04:13]} 55. Ng2 {[%clk 0:01:27]} Nxg2 {[%clk 0:04:13]} 56. Bxg2
{[%clk 0:01:27]} Ng7 {[%clk 0:02:06]} 57. g4 {[%clk 0:00:38]} fxg4+ {[%clk
0:01:23]} 58. Kxg4 {[%clk 0:01:05]} Ne6 {[%clk 0:01:39]} 59. Be4 {[%clk 0:01:02]}
Nf4 {[%clk 0:01:55]} 60. Kf3 {[%clk 0:01:23]} Nh3 {[%clk 0:01:58]} 61. Bc6 {[%clk
0:01:32]} Ng5+ {[%clk 0:02:10]} 62. Kg4 {[%clk 0:01:52]} Nf7 {[%clk 0:02:09]} 63.
Be8 {[%clk 0:01:29]} Nh6+ {[%clk 0:02:14]} 64. Kf3 {[%clk 0:01:48]} Nf5 {[%clk
0:02:35]} 65. Bc6 {[%clk 0:01:38]} Ne3 {[%clk 0:02:45]} 66. Ba4 {[%clk 0:02:02]}
Nf5 {[%clk 0:01:55]} 67. Bd7 {[%clk 0:02:25]} Nh4+ {[%clk 0:02:02]} 68. Kg3
{[%clk 0:02:32]} Ng6 {[%clk 0:02:21]} 69. Bc6 {[%clk 0:02:29]} Nf4 {[%clk
0:02:34]} 70. Be4 {[%clk 0:02:53]} Ne2+ {[%clk 0:02:53]} 71. Kf3 {[%clk 0:02:44]}
Nc3 {[%clk 0:02:40]} 72. Bc6 {[%clk 0:02:33]} Nb1 {[%clk 0:02:21]} 73. a4 {[%clk
0:03:02]} Nc3 {[%clk 0:02:22]} 74. Be8 {[%clk 0:02:49]} Na2 {[%clk 0:02:31]} 75.
Bg6 {[%clk 0:01:55]} Nb4 {[%clk 0:01:56]} 76. Be4 {[%clk 0:02:02]} Nc2 {[%clk
0:02:04]} 77. Bc6 {[%clk 0:02:04]} Ne3 {[%clk 0:01:35]} 78. Be4 {[%clk 0:01:55]}
Kd6 {[%clk 0:01:09]} 79. Bg6 {[%clk 0:01:42]} Kd7 {[%clk 0:01:07]} 80. Ke2 {[%clk
0:01:26]} Ke7 {[%clk 0:01:12]} 81. Be4 {[%clk 0:01:23]} Kd6 {[%clk 0:01:28]} 82.
Bg6 {[%clk 0:01:37]} Ke5 {[%clk 0:01:29]} 83. Kf3 {[%clk 0:02:04]} Nd1 {[%clk
0:01:33]} 84. Be8 {[%clk 0:02:17]} Nb2 {[%clk 0:00:49]} 85. Ke2 {[%clk 0:02:19]}
Kf4 {[%clk 0:01:03]} 86. Bd7 {[%clk 0:02:36]} Kg3 {[%clk 0:01:10]} 87. Kd2 {[%clk
0:03:02]} Kf2 {[%clk 0:01:30]} 88. Bc6 {[%clk 0:02:56]} Kf1 {[%clk 0:01:44]} 89.
Be8 {[%clk 0:02:09]} Kf2 {[%clk 0:02:07]} 90. Kc2 {[%clk 0:01:46]} Ke3 {[%clk
0:02:27]} 91. Kxb2 {[%clk 0:02:12]} Kxd3 {[%clk 0:02:52]} 92. Kb3 {[%clk
0:02:08]} Kd2 {[%clk 0:03:16]} 93. Bg6 {[%clk 0:02:03]} d3 {[%clk 0:01:42]} 94.
Bf5 {[%clk 0:02:09]} 1-0

[Event "Irena Warakomska Memorial A"]
[Site "Suwalki"]
[Date "2018.08.02"]
[Round "2"]
[White "Bukojemski, Adam"]
[Black "Leniart, Arkadiusz"]
[Result "1/2-1/2"]
[Board "20"]
[WhiteElo "2233"]
[WhiteCountry "POL"]
[WhiteFideId "1114620"]
[WhiteEloChange "6"]
[BlackElo "2489"]
[BlackTitle "IM"]
[BlackCountry "POL"]
[BlackFideId "1124226"]
[BlackEloChange "-3"]

1. e4 {[%clk 1:30:58]} e5 {[%clk 1:30:51]} 2. Nf3 {[%clk 1:31:22]} Nc6 {[%clk
1:31:16]} 3. Nc3 {[%clk 1:30:40]} Nf6 {[%clk 1:31:24]} 4. Bb5 {[%clk 1:30:32]}
Be7 {[%clk 1:23:33]} 5. O-O {[%clk 1:28:31]} Nd4 {[%clk 1:19:04]} 6. Nxd4 {[%clk
1:17:15]} exd4 {[%clk 1:19:19]} 7. e5 {[%clk 1:17:43]} dxc3 {[%clk 1:18:42]} 8.
exf6 {[%clk 1:18:08]} Bxf6 {[%clk 1:18:01]} 9. Re1+ {[%clk 1:17:56]} Be7 {[%clk
1:18:00]} 10. Qe2 {[%clk 1:14:52]} c6 {[%clk 1:16:24]} 11. Bd3 {[%clk 1:14:20]}
d5 {[%clk 1:05:54]} 12. dxc3 {[%clk 1:13:56]} Be6 {[%clk 1:04:09]} 1/2-1/2

[Event "Irena Warakomska Memorial A"]
[Site "Suwalki"]
[Date "2018.08.02"]
[Round "2"]
[White "Nasuta, Grzegorz"]
[Black "Jaroch, Karol"]
[Result "1-0"]
[Board "21"]
[WhiteElo "2491"]
[WhiteTitle "IM"]
[WhiteCountry "POL"]
[WhiteFideId "1141686"]
[WhiteEloChange "2"]
[BlackElo "2212"]
[BlackCountry "POL"]
[BlackFideId "1130609"]
[BlackEloChange "-3"]

1. e4 {[%clk 1:30:57]} e6 {[%clk 1:30:52]} 2. d4 {[%clk 1:31:22]} d5 {[%clk
1:31:20]} 3. Bd3 {[%clk 1:31:44]} dxe4 {[%clk 1:29:39]} 4. Bxe4 {[%clk 1:32:00]}
Nf6 {[%clk 1:30:04]} 5. Bf3 {[%clk 1:32:23]} c5 {[%clk 1:27:40]} 6. Ne2 {[%clk
1:32:28]} Nc6 {[%clk 1:26:19]} 7. Be3 {[%clk 1:31:40]} Qa5+ {[%clk 1:08:08]} 8.
Qd2 {[%clk 1:00:29]} Qxd2+ {[%clk 1:05:53]} 9. Nxd2 {[%clk 0:59:52]} Nb4 {[%clk
1:05:33]} 10. O-O-O {[%clk 0:57:14]} Nfd5 {[%clk 1:03:47]} 11. a3 {[%clk
0:51:39]} Nxe3 {[%clk 1:02:33]} 12. fxe3 {[%clk 0:52:03]} Na6 {[%clk 0:57:15]}
13. Nc4 {[%clk 0:50:28]} Rb8 {[%clk 0:50:27]} 14. Nc3 {[%clk 0:48:03]} Nc7 {[%clk
0:36:39]} 15. Ne4 {[%clk 0:36:30]} cxd4 {[%clk 0:36:43]} 16. exd4 {[%clk
0:36:54]} Be7 {[%clk 0:35:47]} 17. Ned6+ {[%clk 0:36:43]} Bxd6 {[%clk 0:35:51]}
18. Nxd6+ {[%clk 0:37:11]} Ke7 {[%clk 0:36:14]} 19. Nc4 {[%clk 0:33:20]} Rd8
{[%clk 0:29:03]} 20. Rhe1 {[%clk 0:30:02]} Kf8 {[%clk 0:29:02]} 21. Na5 {[%clk
0:29:07]} Nd5 {[%clk 0:26:14]} 22. c4 {[%clk 0:22:10]} Ne7 {[%clk 0:26:37]} 23.
c5 {[%clk 0:22:35]} b6 {[%clk 0:17:11]} 24. Nc4 {[%clk 0:22:46]} Bb7 {[%clk
0:16:33]} 25. Bxb7 {[%clk 0:16:59]} Rxb7 {[%clk 0:16:57]} 26. Kc2 {[%clk
0:17:08]} Rc7 {[%clk 0:09:01]} 27. b4 {[%clk 0:17:06]} b5 {[%clk 0:09:08]} 28.
Na5 {[%clk 0:12:58]} a6 {[%clk 0:06:14]} 29. Re3 {[%clk 0:08:42]} Nf5 {[%clk
0:04:59]} 30. Red3 {[%clk 0:09:00]} h5 {[%clk 0:05:23]} 31. Kc3 {[%clk 0:07:58]}
Rd5 {[%clk 0:05:16]} 32. g3 {[%clk 0:06:08]} g5 {[%clk 0:05:18]} 33. Nb3 {[%clk
0:04:44]} Ne7 {[%clk 0:05:00]} 34. Nd2 {[%clk 0:03:43]} Kg7 {[%clk 0:01:55]} 35.
Nf1 {[%clk 0:02:30]} Rf5 {[%clk 0:02:09]} 36. Ne3 {[%clk 0:02:50]} Nd5+ {[%clk
0:00:40]} 37. Nxd5 {[%clk 0:03:08]} Rxd5 {[%clk 0:01:06]} 38. Re1 {[%clk
0:03:09]} Kf6 {[%clk 0:01:23]} 39. Rf3+ {[%clk 0:03:27]} Rf5 {[%clk 0:01:49]} 40.
Rxf5+ {[%clk 0:32:35]} Kxf5 {[%clk 0:32:14]} 41. d5 {[%clk 0:32:43]} e5 {[%clk
0:24:07]} 42. Rf1+ {[%clk 0:32:04]} Ke4 {[%clk 0:24:22]} 43. d6 {[%clk 0:32:27]}
Rd7 {[%clk 0:24:43]} 44. Rd1 {[%clk 0:32:52]} 1-0